Responsibility of international organizations : (Record no. 5761)

MARC details
000 -LEADER
fixed length control field 04350cam a2200493Ki 4500
001 - CONTROL NUMBER
control field ocn853455790
003 - CONTROL NUMBER IDENTIFIER
control field OCoLC
005 - DATE AND TIME OF LATEST TRANSACTION
control field 20200814160149.0
006 - FIXED-LENGTH DATA ELEMENTS--ADDITIONAL MATERIAL CHARACTERISTICS--GENERAL INFORMATION
fixed length control field m o d
007 - PHYSICAL DESCRIPTION FIXED FIELD--GENERAL INFORMATION
fixed length control field cr cnu---unuuu
008 - FIXED-LENGTH DATA ELEMENTS--GENERAL INFORMATION
fixed length control field 130722s2013 mau ob 011 0 eng d
020 ## - INTERNATIONAL STANDARD BOOK NUMBER
International Standard Book Number 9789004256088
Qualifying information (electronic bk.)
020 ## - INTERNATIONAL STANDARD BOOK NUMBER
International Standard Book Number 9004256083
Qualifying information (electronic bk.)
020 ## - INTERNATIONAL STANDARD BOOK NUMBER
Cancelled/invalid ISBN 9789004256071
020 ## - INTERNATIONAL STANDARD BOOK NUMBER
Cancelled/invalid ISBN 9004256075
024 8# - OTHER STANDARD IDENTIFIER
Standard number or code 10.1163/9789004256088
029 1# - (OCLC)
OCLC library identifier AU@
System control number 000054145353
029 1# - (OCLC)
OCLC library identifier DEBBG
System control number BV043035213
029 1# - (OCLC)
OCLC library identifier DEBSZ
System control number 424587467
029 1# - (OCLC)
OCLC library identifier NZ1
System control number 15567485
035 ## - SYSTEM CONTROL NUMBER
System control number (OCoLC)853455790
Canceled/invalid control number (OCoLC)858080603
040 ## - CATALOGING SOURCE
Original cataloging agency N$T
Language of cataloging eng
Description conventions rda
-- pn
Transcribing agency N$T
Modifying agency E7B
-- H9Z
-- YDXCP
-- GZM
-- OCLCF
-- CDX
-- COO
-- OCLCQ
-- OCLCA
-- AGLDB
-- OCLCQ
-- VTS
-- OTZ
-- STF
-- LEAUB
-- M8D
-- OCLCQ
-- UAB
049 ## - LOCAL HOLDINGS (OCLC)
Holding library TZAA
050 #4 - LIBRARY OF CONGRESS CALL NUMBER
Classification number K967
Item number .R47
245 00 - TITLE STATEMENT
Title Responsibility of international organizations :
Remainder of title essays in memory of Sir Ian Brownlie /
Statement of responsibility, etc edited by Maurizio Ragazzi.
300 ## - PHYSICAL DESCRIPTION
Extent 1 online resource (xlvi, 469 pages)
504 ## - BIBLIOGRAPHY, ETC. NOTE
Bibliography, etc Includes bibliographical references (pages 453-465) and index.
505 0# - FORMATTED CONTENTS NOTE
Formatted contents note pt. 1. Setting the stage : international organizations' responsibility between codification and progressive development -- pt. 2. Assessing the commission's approach : state responsibility and responsibility of international organizations -- pt. 3. Particular perspectives : international organizations and other entities -- pt. 4. Special concerns : selected issues regarding the articles.
520 ## - SUMMARY, ETC.
Summary, etc In December 2011, the United Nations General Assembly adopted the International Law Commission's articles on the responsibility of international organizations, bringing to conclusion not only nearly ten years of reflection by the Commission, governments and organizations on this specific topic, but also decades of study of the wider subject of international responsibility, which had initially focused on State responsibility. Parallel to this reflection by the Commission, diplomats and public officials, the body of international case-law and literature on the many facets of the topic has steadily been growing. Responsibility of International Organizations: Essays in Memory of Sir Ian Brownlie contributes to the body of international literature by collecting a broad spectrum of different and sometimes differing perspectives from well-known experts in the field, ranging from the bench to the Commission, academia, and the world of in-house counsel. The book is also a memorial to the renowned Sir Ian Brownlie, himself a former Chairman of the International Law Commission who, as a leading scholar and practitioner, greatly contributed to the reflection on international responsibility, including the responsibility of international organizations. Edited by Maurizio Ragazzi, a former pupil of Sir Ian, the book is an ideal companion to International Responsibility Today , a collection of essays on international responsibility which the same editor presented in 2005 in memory of Oscar Schachter, and to which Sir Ian Brownlie had contributed. The essays collected in Responsibility of International Organizations: Essays in Memory of Sir Ian Brownlie , conveniently grouped by the editor under broad areas for the reader's benefit, will be relevant not only to all those interested in this specific subject but also, more generally, to all those engaged in the field of international law and the law of international organizations.
650 #0 - SUBJECT ADDED ENTRY--TOPICAL TERM
Topical term or geographic name as entry element Tort liability of international agencies.
650 #0 - SUBJECT ADDED ENTRY--TOPICAL TERM
Topical term or geographic name as entry element Government liability (International law)
650 #7 - SUBJECT ADDED ENTRY--TOPICAL TERM
Topical term or geographic name as entry element LAW
General subdivision International.
Source of heading or term bisacsh
650 #7 - SUBJECT ADDED ENTRY--TOPICAL TERM
Topical term or geographic name as entry element Government liability (International law)
Source of heading or term fast
650 #7 - SUBJECT ADDED ENTRY--TOPICAL TERM
Topical term or geographic name as entry element Tort liability of international agencies.
Source of heading or term fast
655 #4 - INDEX TERM--GENRE/FORM
Genre/form data or focus term Electronic books.
700 1# - ADDED ENTRY--PERSONAL NAME
Personal name Brownlie, Ian,
Relator term honouree.
9 (RLIN) 8380
700 1# - ADDED ENTRY--PERSONAL NAME
Personal name Ragazzi, Maurizio,
Relator term editor.
776 08 - ADDITIONAL PHYSICAL FORM ENTRY
Display text Print version:
Title Responsibility of international organizations.
Place, publisher, and date of publication Boston : Martinus Nijhoff Publishers, 2013
International Standard Book Number 9789004256071
Record control number (DLC) 2013024536
-- (OCoLC)849641721
856 40 - ELECTRONIC LOCATION AND ACCESS
Materials specified Brill
Uniform Resource Identifier <a href="https://doi.org/10.1163/9789004256088">https://doi.org/10.1163/9789004256088</a>
856 40 - ELECTRONIC LOCATION AND ACCESS
Materials specified ebrary
Uniform Resource Identifier <a href="http://site.ebrary.com/id/10734221">http://site.ebrary.com/id/10734221</a>
856 40 - ELECTRONIC LOCATION AND ACCESS
Materials specified EBSCOhost
Uniform Resource Identifier <a href="https://search.ebscohost.com/login.aspx?direct=true&scope=site&db=nlebk&db=nlabk&AN=610597">https://search.ebscohost.com/login.aspx?direct=true&scope=site&db=nlebk&db=nlabk&AN=610597</a>
856 40 - ELECTRONIC LOCATION AND ACCESS
Materials specified MyiLibrary
Uniform Resource Identifier <a href="http://www.myilibrary.com?id=504852">http://www.myilibrary.com?id=504852</a>
942 ## - ADDED ENTRY ELEMENTS (KOHA)
Source of classification or shelving scheme Library of Congress Classification
Koha item type Books
Holdings
Home library Current library Date acquired Full call number Barcode Koha item type Public note
African Court on Human and Peoples' Rights Library African Court on Human and Peoples' Rights Library 14/08/2020 K967 .R47 1020296X Books Donation by the International Law Book Facility (ILBF)

African Court on Human and Peoples' Rights | For Inquiries Contact » +255 272 510 510